Ipswich v Moore (Record no. 64001)

MARC details
000 -LEADER
fixed length control field 00621cam a2200169 4500
001 - CONTROL NUMBER
control field X107033
008 - FIXED-LENGTH DATA ELEMENTS--GENERAL INFORMATION
fixed length control field 000000n2000 000 0 eng u
035 ## - SYSTEM CONTROL NUMBER
System control number (Sirsi) u107033
245 ## - TITLE STATEMENT
Title Ipswich v Moore
260 ## - PUBLICATION, DISTRIBUTION, ETC.
Date of publication, distribution, etc. 2000
490 ## - SERIES STATEMENT
Series statement New Property Cases
Volume/sequential designation [2000] NPC 72 (22/06/2000)
520 ## - SUMMARY, ETC.
Summary, etc. Chd 22 June 2000. Subsequent statutes override rights granted by Royal Charter in determining the rights to lay and control moorings in the River Orwell. HEADNOTE FROM JOURNAL - NOT TO BE PHOTOCOPIED.
650 ## - SUBJECT ADDED ENTRY--TOPICAL TERM
Topical term or geographic name entry element IPSWICH V MOORE
650 ## - SUBJECT ADDED ENTRY--TOPICAL TERM
Topical term or geographic name entry element MOORING RIGHTS
690 ## - LOCAL SUBJECT ADDED ENTRY--TOPICAL TERM (OCLC, RLIN)
Topical term or geographic name as entry element PROPERTY AND LAND LAW-CASE LAW
942 ## - ADDED ENTRY ELEMENTS (KOHA)
Suppress in OPAC 0
Holdings
Withdrawn status Lost status Source of classification or shelving scheme Damaged status Not for loan Home library Current library Shelving location Date acquired Total Checkouts Full call number Barcode Date last seen Copy number Price effective from Koha item type
    Dewey Decimal Classification     London London Journal article 07/07/2000   X107033 107033-1001 06/08/2019 1 06/08/2019 Law report